The new crusade : (Record no. 55215)

MARC details
000 -LEADER
fixed length control field 00777nam a22002177a 4500
005 - DATE AND TIME OF LATEST TRANSACTION
control field 2011081002342.0
008 - FIXED-LENGTH DATA ELEMENTS--GENERAL INFORMATION
fixed length control field 110810t xxu||||| |||| 00| 0 eng d
010 ## - LCCN (DPL NO)
LC control number ENG-103481
020 ## - INTERNATIONAL STANDARD BOOK NUMBER
International Standard Book Number 9788189833237
Terms of availability 225.00
035 ## - SYSTEM CONTROL NUMBER
System control number EN-87014
037 ## - SOURCE OF ACQUISITION
Source of stock number/acquisition DBAD/PUB
040 ## - CATALOGING SOURCE
Original cataloging agency Dpl
Language of cataloging Eng
082 ## - DEWEY DECIMAL CLASSIFICATION NUMBER
Classification number 973.931
100 ## - MAIN ENTRY--PERSONAL NAME
Personal name Mahajan,Rahul
9 (RLIN) 32442
245 ## - TITLE STATEMENT
Title The new crusade :
Statement of responsibility, etc by Rahul Mahajan
Remainder of title America's war on terrorism /
260 ## - PUBLICATION, DISTRIBUTION, ETC. (IMPRINT)
Place of publication, distribution, etc Delhi
Name of publisher, distributor, etc Aakar Books
Date of publication, distribution, etc 2007
270 ## - ADDRESS
Address 28 E, Pocket IV,Mayur Vihar Phase I,
City Delhi
Postal code 110091
300 ## - PHYSICAL DESCRIPTION
Extent xiii,160p
Dimensions 24cm (pbk )
942 ## - ADDED ENTRY ELEMENTS (KOHA)
Source of classification or shelving scheme Dewey Decimal Classification
Item type English Books
Call number suffix MAH
Classification part 973.931
Holdings
Withdrawn status Lost status Source of classification or shelving scheme Damaged status Not for loan Collection code Home library Current library Date acquired Source of acquisition Cost, normal purchase price Total Checkouts Full call number Barcode Date last seen Copy number Cost, replacement price Koha item type
    Dewey Decimal Classification   Not For Loan Non-fiction D.B.Act.Division D.B.Act.Division 10/08/2011 DBAD / PUB 225.00   973.931MAH EN-87014 10/08/2011 1 225.00 English Books

© Delhi Public Library
Hit Counter
free hit counter